| 000 | 01109cam a2200337 i 4500 | ||
|---|---|---|---|
| 999 |
_c3453 _d3453 |
||
| 001 | 4662716 | ||
| 003 | OSt | ||
| 005 | 20211116061116.0 | ||
| 008 | 800505s1980 ilu b 001 0 eng | ||
| 010 | _a 80016112 | ||
| 020 |
_a0226650448 : _c$14.50 |
||
| 040 |
_aDLC _cDLC _dDLC |
||
| 043 | _an-us--- | ||
| 050 | 0 | 0 |
_aRA410 _b.P36 1980 |
| 060 | _aW74 P333d | ||
| 082 | 0 | 0 | _a338.4/561/36210973 |
| 100 | 1 |
_aPauly, Mark V., _d1941- |
|
| 245 | 1 | 0 |
_aDoctors and their workshops : _beconomic models of physician behavior / _cMark V. Pauly. |
| 260 |
_aChicago : _bUniversity of Chicago Press, _c1980. |
||
| 300 |
_aix, 132 p. ; _c24 cm. |
||
| 440 | 2 | _aA National Bureau of Economic Research monograph | |
| 504 | _aIncludes bibliographical references and index. | ||
| 650 | 0 |
_aMedical economics _zUnited States. |
|
| 650 | 0 |
_aPhysicians _zUnited States. |
|
| 650 | 0 |
_aMedical care _xUtilization _zUnited States. |
|
| 650 | 0 |
_aPhysician and patient _zUnited States. |
|
| 650 | 2 | _aEconomics, Medical. | |
| 650 | 2 | _aPhysicians. | |
| 906 |
_a7 _bcbc _corignew _du _eocip _f19 _gy-gencatlg |
||
| 942 |
_2lcc _cBK _nDO |
||